Conjugaison - être - Statistiques

Statistiques générales
  • Ce quiz a été pris 57 fois
  • Le résultat moyen est 56 sur 96
Statistiques - réponses
Mode Temps Pronom Réponse % Correct
Indicatif Présent Je suis
100%
Indicatif Présent Tu es
98%
Indicatif Présent Il / elle / on est
96%
Indicatif Présent Nous sommes
96%
Indicatif Présent Vous êtes
94%
Indicatif Présent Ils / elles sont
94%
Indicatif Imparfait J' étais
88%
Indicatif Passé composé Il / elle / on a été
84%
Indicatif Passé composé J' ai été
84%
Indicatif Passé composé Tu as été
84%
Indicatif Imparfait Tu étais
84%
Indicatif Imparfait Il / elle / on était
84%
Indicatif Passé simple Je fus
84%
Indicatif Passé composé Vous avez été
82%
Indicatif Passé composé Nous avons été
82%
Indicatif Imparfait Ils / elles étaient
82%
Indicatif Imparfait Vous étiez
82%
Indicatif Imparfait Nous étions
82%
Indicatif Passé composé Ils / elles ont été
80%
Indicatif Passé simple Tu fus
78%
Indicatif Futur simple Je serai
78%
Indicatif Passé simple Nous fûmes
76%
Indicatif Passé simple Il / elle / on fut
76%
Indicatif Passé simple Vous fûtes
76%
Indicatif Futur simple Il / elle / on sera
76%
Indicatif Futur simple Tu seras
76%
Indicatif Futur simple Vous serez
76%
Indicatif Futur simple Nous serons
76%
Indicatif Futur simple Ils / elles seront
76%
Indicatif Passé simple Ils / elles furent
73%
Indicatif Plus-que-parfait Ils / elles avaient été
67%
Indicatif Plus-que-parfait J' avais été
67%
Indicatif Plus-que-parfait Tu avais été
67%
Indicatif Plus-que-parfait Il / elle / on avait été
67%
Indicatif Plus-que-parfait Vous aviez été
67%
Indicatif Plus-que-parfait Nous avions été
67%
Conditionnel Présent Je serais
65%
Conditionnel Présent Ils / elles seraient
63%
Conditionnel Présent Tu serais
63%
Conditionnel Présent Il / elle / on serait
63%
Conditionnel Présent Vous seriez
63%
Conditionnel Présent Nous serions
63%
Indicatif Futur antérieur Il / elle / on aura été
61%
Indicatif Futur antérieur J' aurai été
61%
Indicatif Futur antérieur Tu auras été
61%
Indicatif Futur antérieur Vous aurez été
61%
Indicatif Futur antérieur Nous aurons été
61%
Indicatif Futur antérieur Ils / elles auront été
59%
Subjonctif Présent Que je sois
59%
Subjonctif Présent Que tu sois
59%
Subjonctif Présent Qu'il / qu'elle / qu'on soit
59%
Subjonctif Présent Que vous soyez
59%
Subjonctif Présent Que nous soyons
59%
Subjonctif Présent Qu'ils / qu'elles soient
57%
Conditionnel Passé Ils / elles auraient été
53%
Conditionnel Passé J' aurais été
53%
Conditionnel Passé Tu aurais été
53%
Conditionnel Passé Il / elle / on aurait été
53%
Conditionnel Passé Vous auriez été
53%
Conditionnel Passé Nous aurions été
53%
Indicatif Passé antérieur Nous eûmes été
53%
Indicatif Passé antérieur Ils / elles eurent été
53%
Indicatif Passé antérieur J' eus été
53%
Indicatif Passé antérieur Tu eus été
53%
Indicatif Passé antérieur Vous eûtes été
53%
Indicatif Passé antérieur Il / elle / on eut été
53%
Infinitif Présent - être
47%
Impératif Présent (tu) sois
43%
Impératif Présent (vous) soyez
43%
Impératif Présent (nous) soyons
43%
Participe Présent - étant
41%
Participe Passé - été
41%
Subjonctif Passé Que j' aie été
37%
Subjonctif Passé Que tu aies été
37%
Subjonctif Passé Qu'il / qu'elle / qu'on ait été
37%
Subjonctif Passé Que vous ayez été
37%
Subjonctif Passé Que nous ayons été
37%
Subjonctif Passé Qu'ils / qu'elles aient été
35%
Infinitif Passé - avoir été
35%
Subjonctif Plus-que-parfait Que j' eusse été
33%
Subjonctif Plus-que-parfait Que tu eusses été
33%
Subjonctif Plus-que-parfait Qu'ils / qu'elles eussent été
31%
Subjonctif Plus-que-parfait Que vous eussiez été
31%
Subjonctif Plus-que-parfait Que nous eussions été
31%
Subjonctif Plus-que-parfait Qu'il / qu'elle / qu'on eût été
31%
Subjonctif Imparfait Que je fusse
31%
Subjonctif Imparfait Que tu fusses
31%
Subjonctif Imparfait Qu'ils / qu'elles fussent
29%
Subjonctif Imparfait Que vous fussiez
29%
Subjonctif Imparfait Que nous fussions
29%
Subjonctif Imparfait Qu'il / qu'elle / qu'on fût
29%
Gérondif Présent - en étant
25%
Impératif Passé (vous) ayez été
24%
Impératif Passé (nous) ayons été
24%
Gérondif Passé - en ayant été
22%
Participe Passé - ayant été
10%
Aucun quiz correspondant
Distribution des résultats
% des personnes avec chaque résultat
Percentile par nombre de réponses
Votre historique - résultats
Vous n’avez pas pris ce quiz